<?xml version="1.0" encoding="UTF-8"?>
<collection xmlns="http://www.loc.gov/MARC21/slim">
 <record>
  <leader>01069nam a2200301 a 4500</leader>
  <controlfield tag="001">7802</controlfield>
  <controlfield tag="003">BD-DhAAL</controlfield>
  <controlfield tag="005">20150705093122.0</controlfield>
  <controlfield tag="008">150705s2005    nyu           000 1 eng  </controlfield>
  <datafield tag="010" ind1=" " ind2=" ">
   <subfield code="a">  2005053607</subfield>
  </datafield>
  <datafield tag="020" ind1=" " ind2=" ">
   <subfield code="a">9780743270366</subfield>
  </datafield>
  <datafield tag="020" ind1=" " ind2=" ">
   <subfield code="a">0743270363</subfield>
  </datafield>
  <datafield tag="040" ind1=" " ind2=" ">
   <subfield code="a">DLC</subfield>
   <subfield code="c">DLC</subfield>
   <subfield code="d">DLC</subfield>
   <subfield code="d">BD-DhAAL</subfield>
  </datafield>
  <datafield tag="050" ind1="0" ind2="0">
   <subfield code="a">PS3556.L94</subfield>
   <subfield code="b">C65 2005</subfield>
  </datafield>
  <datafield tag="082" ind1="0" ind2="0">
   <subfield code="a">813/.54</subfield>
   <subfield code="2">22</subfield>
  </datafield>
  <datafield tag="100" ind1="1" ind2=" ">
   <subfield code="a">Flynn, Vince.</subfield>
   <subfield code="9">12868</subfield>
  </datafield>
  <datafield tag="245" ind1="1" ind2="0">
   <subfield code="a">Consent to kill :</subfield>
   <subfield code="b">a thriller /</subfield>
   <subfield code="c">Vince Flynn.</subfield>
  </datafield>
  <datafield tag="250" ind1=" " ind2=" ">
   <subfield code="a">1st Atria Books hardcover ed.</subfield>
  </datafield>
  <datafield tag="260" ind1=" " ind2=" ">
   <subfield code="a">New York :</subfield>
   <subfield code="b">Pocket Star Books,</subfield>
   <subfield code="c">2005.</subfield>
  </datafield>
  <datafield tag="300" ind1=" " ind2=" ">
   <subfield code="a">x, 675 p. ;</subfield>
   <subfield code="c">18 cm.</subfield>
  </datafield>
  <datafield tag="650" ind1=" " ind2="0">
   <subfield code="a">Rapp, Mitch (Fictitious character)</subfield>
   <subfield code="v">Fiction.</subfield>
   <subfield code="9">12869</subfield>
  </datafield>
  <datafield tag="650" ind1=" " ind2="0">
   <subfield code="a">Terrorism</subfield>
   <subfield code="x">Prevention</subfield>
   <subfield code="v">Fiction.</subfield>
   <subfield code="9">12870</subfield>
  </datafield>
  <datafield tag="650" ind1=" " ind2="0">
   <subfield code="a">Intelligence officers</subfield>
   <subfield code="v">Fiction.</subfield>
   <subfield code="9">12790</subfield>
  </datafield>
  <datafield tag="655" ind1=" " ind2="7">
   <subfield code="a">Political fiction.</subfield>
   <subfield code="2">lcsh</subfield>
   <subfield code="9">5611</subfield>
  </datafield>
  <datafield tag="655" ind1=" " ind2="7">
   <subfield code="a">Suspense fiction.</subfield>
   <subfield code="2">gsafd</subfield>
   <subfield code="9">12793</subfield>
  </datafield>
  <datafield tag="942" ind1=" " ind2=" ">
   <subfield code="2">ddc</subfield>
   <subfield code="c">BK</subfield>
  </datafield>
  <datafield tag="999" ind1=" " ind2=" ">
   <subfield code="c">34945</subfield>
   <subfield code="d">34945</subfield>
  </datafield>
  <datafield tag="952" ind1=" " ind2=" ">
   <subfield code="0">0</subfield>
   <subfield code="1">0</subfield>
   <subfield code="2">ddc</subfield>
   <subfield code="4">0</subfield>
   <subfield code="6">813_540000000000000_FLY</subfield>
   <subfield code="7">0</subfield>
   <subfield code="9">54702</subfield>
   <subfield code="a">SCL</subfield>
   <subfield code="b">SCL</subfield>
   <subfield code="c">FIC</subfield>
   <subfield code="d">2015-07-05</subfield>
   <subfield code="e">Gift</subfield>
   <subfield code="l">3</subfield>
   <subfield code="m">20</subfield>
   <subfield code="o">813.54 FLY</subfield>
   <subfield code="p">3020007802</subfield>
   <subfield code="r">2019-07-23</subfield>
   <subfield code="s">2019-05-19</subfield>
   <subfield code="t">1</subfield>
   <subfield code="w">2015-07-05</subfield>
   <subfield code="y">BK</subfield>
  </datafield>
 </record>
</collection>
